[Event "BSU Chess Club Invit."]
[Site "Boise, ID"]
[Date "1981.08.22"]
[Round "2.2"]
[White "Moore, Craig M"]
[Black "Johnson, Paul M"]
[Result "0-1"]
[WhiteElo "1667"]
[BlackElo "1614"]

1. b3 Nf6 2. Bb2 e6 3. Nf3 c5 4. e3 Be7 5. Be2 O-O 6. O-O Nc6 7. d4 b6 8. c4
d5 9. Nbd2 Bb7 10. Re1 Rc8 11. a3 Qd7 12. Qc2 cxd4 13. Nxd4 Nxd4 14. Bxd4 dxc4
15. Nxc4 b5 16. Ne5 Rxc2 17. Nxd7 Nxd7 18. Bxb5 Nb6 19. a4 Bc5 20. Bd3 Bxd4
21. Bxc2 Bxa1 22. Rxa1 Rc8 23. Rd1 g6 24. Rd2 Be4 25. Bxe4 Rc1+ 26. Rd1 Rxd1#
0-1

[Event "BSU Chess Club Invit."]
[Site "Boise, ID"]
[Date "1981.08.22"]
[Round "3.1"]
[White "Johnson, Paul M"]
[Black "Downs, Sean G"]
[Result "1-0"]
[WhiteElo "1614"]
[BlackElo "1425"]

1. e4 c5 2. Nf3 Nc6 3. d4 cxd4 4. Nxd4 d6 5. Nc3 Nf6 6. Bg5 e6 7. Bc4 Be7 8.
Qd2 O-O 9. O-O-O d5 10. exd5 Nxd5 11. Nxc6 bxc6 12. Bxe7 Qxe7 13. Be2 Bb7 14.
Bf3 Rfd8 15. Qd4 Qb4 16. Qxb4 Nxb4 17. a3 Nd5 18. Na4 Rab8 19. Nc5 Ba8 20. Rd2
Kf8 21. Rhd1 Ke7 22. Na6 Rb7 23. c4 Rbd7 24. cxd5 cxd5 25. Kb1 Rd6 26. Nb4 a5
27. Nd3 f6 28. Rc1 e5 29. Rc7+ R6d7 30. Rxd7+ Rxd7 31. Nc5 Rd8 32. Rc2 e4 33.
Bg4 g6 34. Ne6 Rd6 35. Rc7+ Rd7 36. Rxd7+ Kxd7 37. Kc2 f5 38. Nf8+ Ke7 39.
Nxh7 fxg4 40. Kc3 a4 41. b4 axb3 42. Kxb3 d4 43. Kc4 e3 44. fxe3 dxe3 45. Kd3
Bxg2 46. Kxe3 Ke6 47. Kf4 Bf3 48. Ng5+ Kf6 49. Nxf3 gxf3 50. Kxf3 {#r} 1-0

[Event "BSU Chess Club Invit."]
[Site "Boise, ID"]
[Date "1981.08.23"]
[Round "4.2"]
[White "Roland, Jeffrey T"]
[Black "Johnson, Paul M"]
[Result "1-0"]
[WhiteElo "1535"]
[BlackElo "1614"]

1. c4 Nf6 2. Nc3 g6 3. e4 d6 4. d4 Bg7 5. f3 O-O 6. Be3 c6 7. Bd3 e5 8. d5
cxd5 9. cxd5 Nbd7 10. Nge2 Nc5 11. O-O Qa5 12. a3 Nxd3 13. Qxd3 Nd7 14. b4 Qd8
15. Nb5 Nb6 16. Rac1 Bd7 17. Nxd6 Bb5 {#r} 1-0

[Event "BSU Chess Club Invit."]
[Site "Boise, ID"]
[Date "1981.08.23"]
[Round "5.2"]
[White "Johnson, Paul M"]
[Black "Moore, Craig M"]
[Result "1-0"]
[WhiteElo "1614"]
[BlackElo "1667"]

1. e4 c5 2. Nf3 d6 3. d4 cxd4 4. Nxd4 Nf6 5. Nc3 e6 6. Be2 Be7 7. Bg5 h6 8.
Bh4 a6 9. Qd3 O-O 10. O-O-O Qc7 11. g4 Nh7 12. Bxe7 Qxe7 13. f4 e5 14. Nf5
Bxf5 15. exf5 exf4 16. Qxd6 Qxd6 17. Rxd6 Nc6 18. Bf3 Rac8 19. Nd5 Rcd8 20.
Rxd8 Rxd8 21. Nxf4 Ng5 22. Bxc6 bxc6 23. Rd1 Rxd1+ 24. Kxd1 Nf3 25. h3 Kf8 26.
Ke2 Ne5 27. Nd3 Nd7 28. Nb4 Nb8 29. Ke3 {(Adjourned)} Ke7 30. Kd4 Kd6 31. Nd3
Nd7 32. b4 g6 33. fxg6 fxg6 34. c4 g5 35. a4 Nf8 36. Nc5 Ne6+ 37. Nxe6 Kxe6
38. b5 cxb5 39. cxb5 axb5 40. axb5 Kd6 41. Ke4 Kc5 42. Kf5 Kxb5 43. Kg6 Kc5
44. Kxh6 Kd5 45. Kxg5 Ke5 46. h4 Ke6 47. Kg6 Ke7 48. Kg7 {#r} 1-0

[Event "BSU Chess Club Invit."]
[Site "Boise, ID"]
[Date "1981.08.23"]
[Round "6.1"]
[White "Downs, Sean G"]
[Black "Johnson, Paul M"]
[Result "1/2-1/2"]
[WhiteElo "1425"]
[BlackElo "1614"]

1. e4 c5 2. Nf3 d6 3. d4 cxd4 4. Nxd4 Nf6 5. Nc3 a6 6. Be2 e6 7. O-O Be7 8.
Bg5 b5 9. Qd3 Bb7 10. Rfe1 b4 11. Na4 Bxe4 12. Qc4 d5 13. Qb3 Qc7 14. Bf3 Bxf3
15. Nxf3 a5 16. Bxf6 Bxf6 17. Qxd5 Qc6 18. Rad1 O-O 19. Qxc6 Nxc6 20. Nb6 Rad8
21. Nd7 Rfe8 22. Nxf6+ gxf6 23. Nd2 Re7 24. Nb3 Red7 25. Rxd7 Rxd7 26. Kf1 Kg7
27. Ke2 Nd4+ 28. Nxd4 Rxd4 29. Ra1 Kg6 30. a3 f5 31. axb4 axb4 32. Ra4 e5 33.
Ra6+ Kg5 34. Ra7 Kg6 35. Ra6+ Kg5 36. Ra7 {#d} 1/2-1/2

[Event "WIO (Open)"]
[Site "Boise, ID"]
[Date "2006.12.09"]
[Round "1.1"]
[White "Watson, John"]
[Black "Johnson, Paul M"]
[Result "0-1"]
[WhiteElo "1479"]
[BlackElo "2031"]

1. e4 d5 2. exd5 Nf6 3. d4 Nxd5 4. c4 Nb6 5. Nc3 e5 6. Be3 exd4 7. Qxd4 Qxd4
8. Bxd4 Nc6 9. Be3 Be6 10. c5 Nd7 11. Ne4 O-O-O 12. a3 Bd5 13. Nc3 Nxc5 14.
Nxd5 Rxd5 15. Bxc5 Bxc5 16. Nf3 Re8+ 17. Be2 Nd4 18. Nxd4 Bxd4 19. Kf1 Bxb2
{#R} 0-1

[Event "WIO (Open)"]
[Site "Boise, ID"]
[Date "2006.12.10"]
[Round "5.3"]
[White "Johnson, Paul M"]
[Black "Stark, Jim"]
[Result "1-0"]
[WhiteElo "2031"]
[BlackElo "1450"]

1. d4 d5 2. Nf3 Nf6 3. g3 h6 4. Bg2 Bf5 5. c4 dxc4 6. Qa4+ c6 7. Qxc4 e6 8.
O-O Nbd7 9. Nc3 Nb6 10. Qb3 Qc7 11. a4 Nbd5 12. Ne5 Nxc3 13. bxc3 Bd6 14. Nc4
O-O-O 15. Re1 e5 16. e4 Be6 17. Nxd6+ Qxd6 18. Qb2 Bc4 19. Rb1 Ba6 20. f4 Nd7
21. fxe5 Qc7 22. Bf1 Qa5 23. Qb4 Qxb4 24. cxb4 Bxf1 25. Rxf1 Rhf8 26. b5 cxb5
27. axb5 Nb6 28. Ba3 Rfe8 29. Rbc1+ Kb8 30. Bd6+ Ka8 31. Rxf7 {#r} 1-0

[Event "Idaho Closed"]
[Site "Boise, ID"]
[Date "2007.02.17"]
[Round "1.2"]
[White "Maguire, James H"]
[Black "Johnson, Paul M"]
[Result "0-1"]
[WhiteElo "1242"]
[BlackElo "2015"]

1. e4 e6 2. Nf3 d5 3. exd5 exd5 4. d4 Bd6 5. Nc3 c6 6. Bd3 Ne7 7. Bg5 O-O 8.
O-O Bg4 9. Qd2 Qc7 10. Ne5 Bh5 11. Bxe7 Qxe7 12. Rfe1 Qf6 13. f4 Qh6 14. Qf2
f6 15. Qg3 fxe5 16. fxe5 Be7 17. Rf1 Nd7 18. Rxf8+ Rxf8 19. Qh3 Be8 20. Qxh6
gxh6 21. Ne2 Bg6 22. Bxg6 hxg6 23. c3 Bg5 24. g3 Be3+ 25. Kh1 Rf2 26. Nf4 Bxf4
27. gxf4 Rxf4 28. Kg2 Kf7 29. Rf1 Rxf1 30. Kxf1 Ke6 31. Kf2 c5 32. Kf3 cxd4
33. cxd4 Nxe5+ 34. dxe5 Kxe5 35. Ke3 d4+ 36. Kd3 g5 37. h3 h5 38. b4 g4 39.
hxg4 hxg4 40. a4 g3 41. a5 g2 42. b5 g1=Q 43. a6 b6 44. Kd2 Qe3+ 45. Kd1 Ke4
46. Kc2 Qc3+ 47. Kd1 Qb2 48. Ke1 Ke3 {#R} 0-1

[Event "Idaho Closed"]
[Site "Boise, ID"]
[Date "2007.02.19"]
[Round "5.1"]
[White "Johnson, Paul M"]
[Black "Morrow, Hans M"]
[Result "0-1"]
[WhiteElo "2015"]
[BlackElo "1936"]

1. d4 Nf6 2. Nf3 d6 3. g3 h6 4. Bg2 c6 5. O-O Nbd7 6. b3 d5 7. Bb2 e6 8. Nbd2
Bd6 9. c4 O-O 10. Qc2 Re8 11. e4 dxe4 12. Nxe4 Nxe4 13. Qxe4 Nf6 14. Qh4 Nh7
15. Qxd8 Rxd8 16. Rfd1 Bd7 17. Ne5 f6 18. Nd3 Nf8 19. a4 a5 20. Ba3 Bxa3 21.
Rxa3 Rab8 22. Nc5 Be8 23. Ra2 Bf7 24. Rad2 Bh5 25. Re1 Bf7 26. Red1 Nd7 27.
Kf1 Kf8 28. Nxd7+ Rxd7 29. h3 Rbd8 30. Ke2 f5 31. g4 g6 32. f4 Ke7 33. Ke3 Kf6
34. Bf3 g5 35. Rd3 fxg4 36. hxg4 Bg6 37. Be4 Bxe4 38. Kxe4 gxf4 39. Kxf4 Rxd4+
40. Rxd4 Rxd4+ 41. Rxd4 e5+ 42. Ke4 exd4 43. Kxd4 Kg5 44. Kc5 Kxg4 45. Kb6 h5
46. Kxb7 h4 47. Kxc6 h3 48. Kd7 h2 49. c5 h1=Q 50. c6 Qd5+ {#R} 0-1

[Event "WIO (Open)"]
[Site "Boise, ID"]
[Date "2010.12.11"]
[Round "1.1"]
[White "Johnson, Paul M"]
[Black "Kircher, Caleb Paul"]
[Result "0-1"]
[WhiteElo "1993"]
[BlackElo "1650"]

1. d4 d5 2. Nf3 Nf6 3. g3 Bf5 4. c4 e6 5. Qb3 Nc6 6. Qxb7 Nb4 7. Na3 Rb8 8.
Qxa7 Ra8 9. Qb7 Rxa3 10. bxa3 Nc2+ 11. Kd1 Nxa1 12. Bb2 Ng4 13. Rg1 Nc2 14.
Qb5+ Qd7 15. Qb8+ Ke7 16. Nh4 Nxf2+ 17. Kc1 Ne3 18. Nxf5+ Nxf5 19. cxd5 exd5
20. Bg2 Ne3 21. Qb3 Nxg2 22. Qf3 Qc6+ 23. Kb1 Ne4 24. Qxg2 Qe6 25. Rc1 Kd7 26.
e3 Bd6 27. Qc2 Rb8 28. Qa4+ Ke7 29. Qa7 Rc8 30. Qb7 Nd2+ 31. Ka1 Nc4 32. e4
Nxb2 33. exd5 Qd7 34. Kxb2 Kf8 35. Rc6 Qe8 36. Qa6 Ra8 37. Qd3 Kg8 38. Rc3 g6
39. Rb3 Kg7 40. Qf3 Qa4 41. Qd3 Re8 42. Qd2 Qa6 43. Re3 Qb7+ 44. Kc2 Ra8 45.
Rf3 Qxd5 {#R} 0-1

[Event "WIO (Open)"]
[Site "Boise, ID"]
[Date "2010.12.11"]
[Round "2.7"]
[White "Booth, Tom R"]
[Black "Johnson, Paul M"]
[Result "0-1"]
[WhiteElo "1567"]
[BlackElo "1993"]

1. d4 Nf6 2. c4 g6 3. Nc3 d5 4. e3 Bg7 5. Nf3 O-O 6. cxd5 Nxd5 7. Bd2 c5 8.
Nxd5 Qxd5 9. Bc3 Nc6 10. Be2 cxd4 11. Bxd4 Nxd4 12. exd4 Rd8 13. O-O Bxd4 14.
Nxd4 Qxd4 15. Qxd4 Rxd4 16. Bf3 Be6 17. b3 Bd5 18. Rfd1 Rxd1+ 19. Rxd1 Bxf3
20. gxf3 Kf8 21. Rd7 Rb8 22. Kg2 Ke8 23. Rc7 Kd8 24. Rc2 Rc8 25. Rd2+ Ke8 26.
Kg3 e6 27. Kg4 Ke7 28. Kg5 Rc5+ 29. Kh6 Rh5+ 30. Kg7 Rxh2 31. Rc2 f5 32. Rc7+
Kd6 33. Rxb7 Rxf2 34. Kxh7 Rxa2 35. Kxg6 Ke5 36. Kf7 Ra6 37. Rb4 Rb6 38. f4+
Kd5 39. Ra4 a6 40. Kf6 Kc5 41. Ke5 Kb5 42. Kf6 a5 43. Ke5 Ka6 44. Kf6 Rxb3 45.
Kxe6 Rb4 46. Rxa5+ Kxa5 47. Kxf5 Kb6 48. Kg5 Kc6 49. f5 Kd7 50. Kg6 Ke7 51.
f6+ Kf8 {#R} 0-1

[Event "WIO (Open)"]
[Site "Boise, ID"]
[Date "2011.12.10"]
[Round "1.1"]
[White "Johnson, Paul M"]
[Black "Kirk, Patrick T"]
[Result "1-0"]
[WhiteElo "1983"]
[BlackElo "1640"]

1. d4 f5 2. c4 Nf6 3. Nc3 e6 4. Bg5 Be7 5. e3 a6 6. Bd3 Nc6 7. Nf3 O-O 8. O-O
d5 9. Bxf6 Bxf6 10. cxd5 exd5 11. Qb3 Ne7 12. a4 c6 13. a5 Ng6 14. Na4 b5 15.
axb6 Rb8 16. Qc2 Ne7 17. Rfc1 g6 18. Qc5 Bb7 19. Qa5 Nc8 20. Nc5 Qxb6 21. Nd7
Qxa5 22. Rxa5 Bd8 23. Ra3 Ra8 24. Nxf8 Kxf8 25. Ne5 Ne7 26. Nd7+ Kg7 27. Nc5
Rb8 28. Ne6+ Kf6 29. Nxd8 Rxd8 30. Bxa6 Bxa6 31. Rxa6 Rb8 32. Rc2 Ke6 33. f3
Kd6 34. Kf2 Rb3 35. Ke2 g5 36. Ra3 Rb4 37. Kd3 h5 38. Rac3 Ra4 39. e4 fxe4+
40. fxe4 dxe4+ 41. Kxe4 Ra1 42. Rc5 Re1+ 43. Kf3 g4+ 44. Kf2 Re4 45. Rxh5 Rxd4
46. Ke3 Rb4 47. Rg5 Nd5+ 48. Kf2 Rf4+ 49. Kg3 Rf6 50. Rxg4 Ne3 51. Rd2+ Kc7
52. Rg7+ Kb6 53. Rdd7 Nf5+ 54. Kg4 Nxg7 55. Rxg7 Rf2 56. Kg3 Rxb2 57. h4 c5
58. h5 c4 59. h6 c3 60. h7 c2 61. h8=Q Rb3+ 62. Kh2 c1=Q 63. Qb8+ Kc5 64. Rc7+
Kd4 65. Qd8+ {#r} 1-0

[Event "WIO (Open)"]
[Site "Boise, ID"]
[Date "2011.12.10"]
[Round "2.1"]
[White "Douglas, Kurt P"]
[Black "Johnson, Paul M"]
[Result "0-1"]
[WhiteElo "1763"]
[BlackElo "1983"]

1. e4 d5 2. exd5 Nf6 3. d4 Nxd5 4. Nf3 g6 5. Be2 Bg7 6. c4 Nb6 7. Be3 O-O 8.
O-O Bg4 9. Nbd2 Nc6 10. h3 Bf5 11. Nb3 Nb4 12. Qd2 Nc2 13. Rac1 Nxe3 14. fxe3
c6 15. g4 Be6 16. Nc5 Bc8 17. e4 Qc7 18. Kg2 Rd8 19. Nb3 e6 20. c5 Nd7 21. Bd3
e5 22. Qf2 exd4 23. Ng5 Ne5 24. Bc4 Nxc4 25. Rxc4 f6 26. Nf3 Be6 27. Rxd4 Bxb3
28. axb3 Qe7 29. Qc2 Rxd4 30. Nxd4 Re8 31. Re1 Qe5 32. Nf3 Qf4 33. b4 f5 34.
exf5 Rxe1 35. Nxe1 Qxb4 36. fxg6 {#R} 0-1

[Event "WIO (Open)"]
[Site "Boise, ID"]
[Date "2011.12.11"]
[Round "4.1"]
[White "Merwin, Steven E"]
[Black "Johnson, Paul M"]
[Result "0-1"]
[WhiteElo "2025"]
[BlackElo "1983"]

1. e4 d5 2. exd5 Nf6 3. c4 c6 4. d4 cxd5 5. Nc3 e6 6. Nf3 Bb4 7. a3 Bxc3+ 8.
bxc3 Qa5 9. Bd2 O-O 10. Bd3 dxc4 11. Bxc4 Ne4 12. O-O Nc6 13. Re1 Nxd2 14.
Qxd2 Qh5 15. Ne5 Rd8 16. Qf4 Nxe5 17. Rxe5 Qh6 18. Qxh6 gxh6 19. Rae1 Bd7 20.
R1e3 Rac8 21. Rg3+ Kh8 22. Be2 Bc6 23. f4 Rg8 24. Rxg8+ Kxg8 25. Rc5 b6 26.
Rc4 Bb7 27. Rxc8+ Bxc8 28. Bf3 Ba6 29. Kf2 Kg7 30. Ke3 Bc4 31. g3 Bd5 32. Be2
f5 33. c4 Bb7 34. Bd3 Kf6 35. h4 Bg2 36. Be2 Bb7 37. Kd3 Ke7 38. Kc3 Kd6 39.
Bh5 a5 40. Bf7 Ke7 41. Bg8 Kf6 42. c5 bxc5 43. dxc5 Bd5 44. Bxh7 Kg7 45. Bxf5
exf5 46. Kd4 Bf3 47. Ke5 {At this point, both players had stopped recording
due to time pressure. Energetic play by both sides ensued, with both sides
queening, and then suddenly, Black emerged with a Q+P vs. Q ending. With 1
second on his clock for a few more moves, White eventually lost on time. A
very exciting game. - Jeff Roland, T.D.} {#R} 0-1

[Event "WIO (Open)"]
[Site "Boise, ID"]
[Date "2011.12.11"]
[Round "5.1"]
[White "Johnson, Paul M"]
[Black "Kircher, Caleb Paul"]
[Result "1/2-1/2"]
[WhiteElo "1983"]
[BlackElo "1781"]

1. d4 d5 2. Nf3 Nf6 3. g3 Bf5 4. Bg2 e6 5. O-O Be7 6. c4 c6 7. Nc3 O-O 8. Qb3
Qb6 9. Qxb6 axb6 10. Nd2 Bb4 11. f3 Bxc3 12. bxc3 Nbd7 13. e4 dxe4 14. fxe4
Bg6 15. e5 Ne8 16. a4 Nc7 17. Ne4 Bxe4 18. Bxe4 Ra7 19. Be3 Rfa8 20. Bc2 b5
21. cxb5 Nd5 22. Bd2 cxb5 23. Rfb1 bxa4 24. c4 Ne7 25. Be4 f5 26. exf6 Nxf6
27. Bxb7 Rb8 28. Bf3 Rxb1+ 29. Rxb1 Kf7 30. Ra1 a3 31. Bb4 {#d} 1/2-1/2

[Event "ICA Players Mem-Open"]
[Site "Boise, ID"]
[Date "2012.05.19"]
[Round "1.1"]
[White "Johnson, Paul M"]
[Black "Olsoy, Peter John"]
[Result "1/2-1/2"]
[WhiteElo "1994"]
[BlackElo "1615"]

1. d4 Nf6 2. Nf3 e6 3. c4 c5 4. g3 d5 5. Bg2 Nc6 6. O-O Qb6 7. cxd5 Nxd5 8.
dxc5 Bxc5 9. e4 Nf6 10. Nc3 O-O 11. Na4 Qb5 12. Nxc5 Qxc5 13. Qe2 e5 14. Bg5
Nd7 15. Rac1 Qa5 16. a3 Nb6 17. h3 Be6 18. Rfd1 Rac8 19. Be3 Rfd8 20. Rc5 Qa4
21. Rxd8+ Rxd8 22. Nxe5 Nxe5 23. Rxe5 Nc4 24. Rc5 Qd1+ 25. Qxd1 Rxd1+ 26. Kh2
Nxe3 27. fxe3 Rd2 28. Rb5 b6 29. Rb4 Kf8 30. g4 Re2 31. Kg3 Rxe3+ 32. Kf2 Rb3
33. Rxb3 Bxb3 34. Ke3 Ke7 {#d} 1/2-1/2

[Event "ICA Players Mem-Open"]
[Site "Boise, ID"]
[Date "2012.05.19"]
[Round "2.4"]
[White "Roland, Jeffrey T"]
[Black "Johnson, Paul M"]
[Result "1/2-1/2"]
[WhiteElo "1700"]
[BlackElo "1994"]

1. d4 Nf6 2. Nf3 c5 3. c4 d5 4. Nc3 cxd4 5. Nxd4 e5 6. Nf3 d4 7. Nxe5 Qa5 8.
Qa4+ Qxa4 9. Nxa4 Bd6 10. Nd3 Nc6 11. Bd2 Ne4 12. f3 Nxd2 13. Kxd2 Be6 14. b3
{#d} 1/2-1/2

[Event "ICA Players Mem-Open"]
[Site "Boise, ID"]
[Date "2012.05.20"]
[Round "5.3"]
[White "Stark, Jim"]
[Black "Johnson, Paul M"]
[Result "0-1"]
[WhiteElo "1670"]
[BlackElo "1994"]

1. d4 Nf6 2. c4 g6 3. Nc3 d5 4. cxd5 Nxd5 5. e4 Nxc3 6. bxc3 Bg7 7. Nf3 c5 8.
Be3 O-O 9. Be2 Nc6 10. O-O Qa5 11. Qb3 Rd8 12. d5 Ne5 13. Nxe5 Bxe5 14. Rac1
Bd7 15. f4 Bg7 16. c4 b6 17. Bd1 Rac8 18. Rf2 e6 19. Bd2 Qa6 20. Bc3 exd5 21.
exd5 Re8 22. Be2 Re3 23. Qb2 Bxc3 24. Rxc3 Rce8 25. Rxe3 Rxe3 26. g4 Qa5 27.
f5 Qe1+ 28. Bf1 Re4 29. h3 Qe3 30. Qb3 gxf5 31. Qxe3 Rxe3 32. gxf5 f6 33. Kg2
Kf7 34. Kh2 Ra3 35. Bg2 Ke7 36. Re2+ Kd6 37. Rf2 Re3 38. Bf1 Ke5 39. Re2 Rxe2+
40. Bxe2 Bxf5 41. Bg4 Bd3 {#R} 0-1

[Event "WIO (Open)"]
[Site "Boise, ID"]
[Date "2012.12.08"]
[Round "1.4"]
[White "Johnson, Paul M"]
[Black "Booth, Tom R"]
[Result "1-0"]
[WhiteElo "1986"]
[BlackElo "1540"]

1. d4 e6 2. c4 d5 3. g3 Nf6 4. Bg2 c6 5. Nf3 Be7 6. O-O O-O 7. Nc3 Nbd7 8. Nd2
e5 9. cxd5 cxd5 10. dxe5 Nxe5 11. Nb3 Be6 12. Nd4 Qd7 13. b3 Bh3 14. Bb2 Bxg2
15. Kxg2 Rfe8 16. Rc1 a6 17. Na4 Qd8 18. Nf5 Nc6 19. e3 Rc8 20. Qf3 b5 21.
Nxe7+ Qxe7 22. Nb6 Rc7 23. Bxf6 gxf6 24. Nxd5 Qd8 25. Nxf6+ Kh8 26. Nxe8 Qxe8
27. Rfd1 Kg8 28. Qd5 h6 29. Rc5 Rc8 30. Rdc1 Na7 31. Rxc8 Nxc8 32. Qc6 {#r}
1-0

[Event "WIO (Open)"]
[Site "Boise, ID"]
[Date "2012.12.08"]
[Round "2.4"]
[White "Ruberry, Chip"]
[Black "Johnson, Paul M"]
[Result "0-1"]
[WhiteElo "1422"]
[BlackElo "1986"]

1. e4 d5 2. exd5 Nf6 3. c4 c6 4. Nc3 cxd5 5. cxd5 Nxd5 6. Bc4 Nb6 7. Bb3 Nc6
8. d3 Bf5 9. Qf3 Qxd3 10. Be3 Bg6 11. Rd1 Qf5 12. Qe2 e6 13. Nf3 Bb4 14. Nh4
Qh5 15. Nxg6 hxg6 16. g4 Qa5 17. Qc2 Ne5 18. Qe4 Rh3 19. Bg5 Nf3+ {#R} 0-1

[Event "WIO (Open)"]
[Site "Boise, ID"]
[Date "2012.12.09"]
[Round "4.2"]
[White "Johnson, Paul M"]
[Black "Sinanan, Joshua"]
[Result "0-1"]
[WhiteElo "1986"]
[BlackElo "2252"]

1. d4 Nf6 2. Nf3 e6 3. g3 b5 4. Bg2 Bb7 5. O-O c5 6. dxc5 Bxc5 7. Qd3 Qb6 8.
Nc3 a6 9. Bg5 Be7 10. Rfe1 d5 11. Ne5 Qc7 12. Bf4 Bd6 13. Qd4 Nh5 14. Rac1 O-O
15. Bf3 Nxf4 16. gxf4 f6 17. Nd3 Nc6 18. Qe3 Rae8 19. Qd2 Na5 20. b3 Rc8 21.
Nb1 e5 22. Nb4 Bxb4 23. Qxb4 Kh8 24. Red1 Nc6 25. Qd2 Nd4 26. Bg2 Rfd8 27. c3
Ne6 28. Bh3 Nxf4 29. Bxc8 Qxc8 30. f3 Qf5 31. Kh1 d4 32. e4 Bxe4 33. Rf1 Bd3
34. Rfe1 h5 35. cxd4 Rxd4 36. Nc3 Be2 37. Qe3 Rd3 38. Rxe2 Rxe3 39. Rxe3 Qh3
40. Rg1 Ne6 41. Nd5 Qf5 42. Ne7 Qc2 43. Re4 Nf4 44. Nf5 Qf2 45. Rxf4 exf4 {#R}
0-1

[Event "WIO (Open)"]
[Site "Boise, ID"]
[Date "2012.12.09"]
[Round "5.4"]
[White "Edvalson, Paul"]
[Black "Johnson, Paul M"]
[Result "0-1"]
[WhiteElo "1545"]
[BlackElo "1986"]

1. d4 Nf6 2. Nf3 g6 3. Nc3 d5 4. Bf4 Bg7 5. e3 O-O 6. Be2 c5 7. O-O b6 8. dxc5
bxc5 9. Qd2 Nc6 10. Rfd1 e6 11. Ne5 Bb7 12. Bf3 Qb6 13. Nxc6 Bxc6 14. a4 Rfd8
15. a5 Qb7 16. a6 Qb6 17. Be5 Ne4 18. Nxe4 dxe4 19. Qc3 Bxe5 20. Qxe5 exf3 21.
h4 Rd5 22. Rxd5 Bxd5 23. h5 Qd8 24. Rd1 Qh4 25. hxg6 hxg6 26. Qh2 Qxh2+ 27.
Kxh2 fxg2 28. b3 Kg7 29. c4 Bf3 30. Rd7 Rh8+ {#R} 0-1